| 000 | 01022cam a22002651 4500 | ||
|---|---|---|---|
| 001 | 10014 | ||
| 003 | BD-RjUL | ||
| 005 | 20211208234858.0 | ||
| 008 | 161211r 1942nyua b 001 0 eng | ||
| 035 | _a(BD-RjUL)10061 | ||
| 040 |
_aDLC/ICU _cICU _dDLC _dBD-RjUL _beng |
||
| 041 | 1 |
_aeng _hger |
|
| 082 | 0 | 0 |
_a543.24 _bKOV 1954 _223 |
| 100 | 1 |
_aKolthoff, I. M. _q(Izaak Maurits), _d1894-1993. _929366 |
|
| 245 | 0 | 0 |
_aVolumetric analysis / _cI.M. Kolthoff [and] V.A. Stenger. |
| 250 | _a2nd rev. ed. | ||
| 260 |
_aNew York : _bInterscience Publishers, _cc1942 [ Reprinted 1954]. |
||
| 300 |
_axv, 309 p. : _bill. ; _c23 cm. |
||
| 504 | _aBibliographical footnotes and index. | ||
| 505 | 0 | _aI. Theoretical fundamentals.--II. Titration. Methods: acid-base, precipitation, and complex-formation reactions.--III. Titration methods: oxidation-reduction reactions. | |
| 650 | 0 |
_aVolumetric analysis. _915221 |
|
| 700 | 1 |
_aStenger, V. A. _q(Vernon Arthur), _d1908- _ejoint author. _930919 |
|
| 942 |
_2ddc _cBK |
||
| 999 |
_c10014 _d10014 |
||